000 01205cam a2200325 a 4500
999 _c532769
_d532769
001 2578735
003 NUST
005 20191202164812.0
008 960314s1997 maua 001 0 eng
010 _a 96014591
020 _a0750697075 (pbk.)
038 _aMSOHAIL
040 _aDLC
_cDLC
_dDLC
050 0 0 _aTK7876
_b.C385 1997
082 0 0 _a621.3813
_220
100 1 _aCarr, Joseph J.
_926343
245 1 0 _aMicrowave & wireless communications technology /
_cJoseph J. Carr.
246 3 _aMicrowave and wireless communications technology
260 _aBoston :
_bButterworth-Heinemann,
_cc1997.
300 _ax, 436 p. :
_bill. ;
_c26 cm.
500 _aIncludes index.
650 0 _aMicrowaves.
_926344
650 0 _aMicrowave communication systems.
_926345
650 0 _aWireless communication systems.
_9594
856 4 2 _3Publisher description
_uhttp://www.loc.gov/catdir/description/els032/96014591.html
856 4 1 _3Table of contents
_uhttp://www.loc.gov/catdir/toc/els032/96014591.html
906 _a7
_bcbc
_corignew
_d1
_eocip
_f19
_gy-gencatlg
942 _2ddc
_cBK